Geboren in Eisenach - Statistiken

Allgemein
  • Dieses Quiz wurde 37 mal gespielt
    5 seit der letzten Aktualisierung
  • Das Durchschnittsergebnis liegt bei 3 aus 8
Antwortstatistiken
Hinweis Antwort % Korrekt
weltberühmter Komponist des Barocks, "Weihnachtsoratorium" "Das Wohltemperierte Klavier" 1685 Johann Sebastian Bach
100%
CDU-Politikerin, langjähriger Mitglied des Bundestages und als Präsidentin der Volkskammer das letzte Staatsoberhaupt der DDR 1946 Sabine Bergmann-Pohl
67%
Physiker, schuf zusammen mit anderen die Grundlagen der modernen Optik und war an mehreren bekannten Optikfirmen beteiligt 1840 Ernst Abbe
33%
Schöpferin der "Maus" aus der "Sendung mit der Maus" 1930 Isolde Schmitt-Menzel
33%
Skispringerin und Goldgewinnerin bei der Nordischen Ski-WM 2019 1990 Juliane Seyfarth
33%
Schauspielerin bekannt für ihre Rolle als Tina Martin in den "Bibi & Tina" Filmen 1997 Lisa-Maria Koroll
33%
Basketballnationalspieler, Bayern München 1992 Johannes Voigtmann
0%
Handballnationalspieler, SG Flensburg-Handewitt 2003 Marko Grgic
0%
Keine übereinstimmenden Quizze gefunden
Verteilung der Resultate
Anzahl Personen mit jedem Resultat
Perzentil nach korrekt beantworteten Fragen
Ihre Resultats-Entwicklung
Sie haben dieses Quiz seit der letzten Aktualisierung nicht gespielt